Antología de obras teatrales /

Diez obras, algunas de ellas inéditas, constituyen este libro, en donde se puede apreciar la evolución de la dramaturgia de su autor en más de cincuenta años de producción. Las obras que se incluyen en este volumen son "El senador no es honorable", "Deja que los perros ladren", "Viña: tres comedias...

Full description

Bibliographic Details
Main Author: Vodánovic, Sergio 1926-
Format: Libro
Language:Spanish
Published: Santiago, Chile RiL 2003
Subjects:
Online Access:

MARC

LEADER 00000cam a2200000 a 4500
001 028204
003 UAHC_CL
005 20170803122916.0
008 100111s2003 cl 000 d spa
020 |a 9562843025 
040 |a UAHC_CL  |c UAHC_CL  |d UAHC_CL 
082 0 4 |a Ch862  |b V872  |2 20 
100 1 |a Vodánovic, Sergio  |d 1926- 
245 1 0 |a Antología de obras teatrales /  |c Sergio Vodanovic. 
260 |b RiL  |a Santiago, Chile  |c 2003 
300 |a 443 p. 
505 0 |t Niñamadre --  |t Cicatrices --  |t Invitación a comer --  |t Balsa de la Medusa --  |t Kindergarten --  |t Invasores --  |t Flores de papel --  |t Alamos en la azotea --  |t Hablame de Laura --  |t Tras una puerta cerrada.  |a El senador no es honorable -- Deja que los perros ladren -- Viña: tres comedias en traje de baño: el delantal blanco, la gente como nosotrod, las exiliadas -- Los fugitivos -- Perdón...¡Estamos en guerra! -- Nos tomamos la Universidad -- Nosotros, los de entonces .. Igual que antes -- El gordo y el flaco -- Girasol. 
520 |a Diez obras, algunas de ellas inéditas, constituyen este libro, en donde se puede apreciar la evolución de la dramaturgia de su autor en más de cincuenta años de producción. Las obras que se incluyen en este volumen son "El senador no es honorable", "Deja que los perros ladren", "Viña: tres comedias en traje de baño", "Los fugitivos", "Perdón... ¡estamos en guerra!", "Nos tomamos la universidad", "Nosotros, los de entonces", "Igual que antes", "El gordo y el flaco" y "Girasol". A ello se suma una cronología biobibliográfica del autor y un prólogo de Eduardo Guerrero del Río. Por ello, esta obra constituye un importante aporte a la difusión de uno de los más destacados autores chilenos. 
521 |a Actuación III : teatro chileno 
650 4 |a TEATRO  |z CHILE 
650 4 |a DRAMAS CHILENOS  |y SIGLO 20 
653 |a ACTUACION TEATRAL 
658 |a Pérez, Claudia 
900 |a Ch862 VOD 
942 |c BK 
952 |0 0  |1 0  |4 0  |6 CH_862_000000000000000_VOD  |7 0  |8 General  |9 55902  |a BS  |b BS  |c General  |d 2017-08-03  |l 0  |o Ch862 VOD  |p 1375821  |r 2025-11-26 00:00:00  |t 1  |w 2017-08-03  |y BK 
999 |c 28204  |d 28204